[Event "FRA T II 20102011"]
[Site "FRA"]
[Date "2010.11.14"]
[Round "3.4"]
[White "Armas, Julius"]
[Black "Saez, Frederic"]
[Result "1-0"]
[WhiteElo "2297"]
[BlackElo "2225"]
[PlyCount "49"]
[EventDate "2010.11.13"]
[EventType "team-match"]
[EventRounds "9"]
[EventCountry "FRA"]
[Source "FFE"]
[SourceDate "2010.10.29"]
[BlackTeamCountry "FRA"]

1. e4 c5 2. Nf3 e6 3. d3 Nc6 4. g3 d5 5. Qe2 Be7 6. Bg2 Nf6 7. c3 a6 8. e5 Nd7
9. h4 b5 10. Bg5 Qc7 11. d4 Qb6 12. Bxe7 Kxe7 13. Qe3 a5 14. O-O h6 15. Nbd2 a4
16. a3 Na5 17. dxc5 Qxc5 18. Nd4 Bb7 19. h5 Nc4 20. Nxc4 Qxc4 21. f4 Nc5 22. f5
Raf8 23. Rf4 Ne4 24. Raf1 Ng5 25. f6+ 1-0

[Event "FRA T II 20102011"]
[Site "FRA"]
[Date "2010.11.14"]
[Round "3.7"]
[White "Fortuit, Nicolas"]
[Black "Wohlers Armas, Friederike"]
[Result "1-0"]
[WhiteElo "2094"]
[BlackElo "2006"]
[PlyCount "53"]
[EventDate "2010.11.13"]
[EventType "team-match"]
[EventRounds "9"]
[EventCountry "FRA"]
[Source "FFE"]
[SourceDate "2010.10.29"]
[BlackTeamCountry "FRA"]

1. e4 g6 2. d4 Bg7 3. Nc3 c6 4. Be3 d5 5. f3 e6 6. Qd2 h6 7. O-O-O Ne7 8. h4
Nd7 9. Nge2 b5 10. exd5 exd5 11. Ng3 Nb6 12. h5 g5 13. Re1 Be6 14. f4 gxf4 15.
Bxf4 a5 16. Nd1 Kf8 17. Qf2 Qd7 18. Be5 Nc4 19. Bxc4 bxc4 20. Rhf1 Bxe5 21.
Rxe5 Rh7 22. Qf6 Kg8 23. Ne2 Re8 24. Ne3 Nc8 25. Rf3 Qd8 26. Rxe6 Qxf6 27.
Rxe8+ 1-0

[Event "FRA T II 20102011"]
[Site "FRA"]
[Date "2010.10.17"]
[Round "1.1"]
[White "Valles, Manuel"]
[Black "Rouler, Charly"]
[Result "1-0"]
[WhiteElo "2237"]
[BlackElo "2316"]
[PlyCount "69"]
[EventDate "2010.11.13"]
[EventType "team-match"]
[EventRounds "9"]
[EventCountry "FRA"]
[Source "FFE"]
[SourceDate "2010.10.29"]
[BlackTeamCountry "FRA"]

1. d4 Nf6 2. c4 g6 3. Nc3 Bg7 4. e4 d6 5. Be2 O-O 6. Nf3 Nbd7 7. O-O e5 8. Qc2
Nh5 9. Rd1 Nf4 10. Bf1 c5 11. dxe5 dxe5 12. a3 Ne6 13. Nd5 Nd4 14. Nxd4 exd4
15. Rb1 f5 16. b4 fxe4 17. Qxe4 Ne5 18. Rb2 Bf5 19. Qe1 b5 20. bxc5 bxc4 21.
Rxd4 Re8 22. Re2 Bd3 23. Re3 Nf3+ 24. gxf3 Bxd4 25. Re7 Rxe7 26. Nxe7+ Kf7 27.
Bg5 Bxc5 28. Bh3 Qb6 29. Nd5 Qd6 30. Nc7 Bf5 31. Bxf5 Rb8 32. Be6+ Kg7 33. Bxc4
h6 34. Ne6+ Kh7 35. Bf4 1-0

[Event "FRA T II 20102011"]
[Site "FRA"]
[Date "2010.10.17"]
[Round "1.2"]
[White "Fantin, Ludwig"]
[Black "Bissieres, Matthieu"]
[Result "0-1"]
[WhiteElo "2272"]
[BlackElo "2338"]
[PlyCount "62"]
[EventDate "2010.11.13"]
[EventType "team-match"]
[EventRounds "9"]
[EventCountry "FRA"]
[Source "FFE"]
[SourceDate "2010.10.29"]
[BlackTeamCountry "FRA"]

1. e4 c5 2. Nf3 d6 3. d4 cxd4 4. Nxd4 Nf6 5. Nc3 a6 6. Be2 g6 7. O-O Bg7 8. f4
O-O 9. Kh1 b5 10. Bf3 Ra7 11. Be3 Rd7 12. Qe1 e5 13. Nde2 Bb7 14. a3 d5 15.
exd5 e4 16. Nxe4 Nxe4 17. Bxe4 Re7 18. Ng3 Rxe4 19. Nxe4 Qxd5 20. Qf2 Qxe4 21.
Rae1 Qf5 22. c3 Nd7 23. Bd4 Nf6 24. Re7 Bd5 25. Ra7 Ng4 26. Qd2 Bxd4 27. Qxd4
Qh5 28. Qg1 Re8 29. Rd7 Re2 30. Rd8+ Kg7 31. Qd4+ Kh6 0-1

[Event "FRA T II 20102011"]
[Site "FRA"]
[Date "2010.11.14"]
[Round "3.8"]
[White "Eydt, Loredane"]
[Black "Copin, Oceane"]
[Result "0-1"]
[WhiteElo "1470"]
[BlackElo "1904"]
[PlyCount "104"]
[EventDate "2010.11.13"]
[EventType "team-match"]
[EventRounds "9"]
[EventCountry "FRA"]
[Source "FFE"]
[SourceDate "2010.10.29"]
[BlackTeamCountry "FRA"]

1. e4 c6 2. d4 d5 3. exd5 cxd5 4. c4 Nf6 5. Nc3 Nc6 6. Nf3 Bg4 7. Be3 e6 8. a3
Be7 9. Be2 O-O 10. O-O Rc8 11. c5 Ne4 12. Qc2 Nxc3 13. Qxc3 Bf6 14. b4 Bxf3 15.
Bxf3 e5 16. Qd2 exd4 17. Bf4 Re8 18. Rfe1 Ne5 19. Bxe5 Bxe5 20. Qa2 d3 21. Rad1
Bc3 22. Rxe8+ Qxe8 23. Qxd5 d2 24. Qe4 Qxe4 25. Bxe4 Re8 26. f3 f5 27. Bc2 f4
28. Bb3+ Kf8 29. Kf2 Re1 30. g3 fxg3+ 31. hxg3 Bd4+ 32. Kg2 Rxd1 33. Bxd1 Bb2
34. a4 Ba3 35. b5 Bxc5 36. Kf1 Ke7 37. Ke2 Bb4 38. g4 g6 39. Ke3 h5 40. Kf2 h4
41. Kg2 Bd6 42. Kh3 g5 43. Be2 Kf6 44. Kg2 Bf4 45. Kf2 h3 46. Bd1 h2 47. Kg2
Ke5 48. a5 Kd4 49. b6 axb6 50. axb6 Kc3 51. Kf2 h1=Q 52. Ke2 Qg2# 0-1

[Event "FRA T II 20102011"]
[Site "FRA"]
[Date "2010.11.14"]
[Round "3.1"]
[White "Dimitrov, Christo"]
[Black "Bissieres, Matthieu"]
[Result "1/2-1/2"]
[WhiteElo "2321"]
[BlackElo "2344"]
[PlyCount "44"]
[EventDate "2010.11.13"]
[EventType "team-match"]
[EventRounds "9"]
[EventCountry "FRA"]
[Source "FFE"]
[SourceDate "2010.10.29"]
[BlackTeamCountry "FRA"]

1. Nf3 d6 2. c4 g6 3. Nc3 Bg7 4. g3 Nf6 5. Bg2 O-O 6. O-O e5 7. d4 Nbd7 8. e4
Re8 9. h3 exd4 10. Nxd4 a6 11. Re1 Rb8 12. Bf4 Ne5 13. b3 Nh5 14. Be3 c5 15.
Nde2 b5 16. f4 Nd7 17. cxb5 Nxg3 18. Rc1 Nxe2+ 19. Rxe2 axb5 20. Qxd6 Qh4 21.
Nd5 Rb7 22. Qc6 Qd8 1/2-1/2